000 00382nam a22001337a 4500
008 241016b |||||||| |||| 00| 0 eng d
020 _a9780701186586
082 _a142.78
100 _aBakewell, Sarah.
245 _aAt the Existentialist café:
_bFreedom, Being and apricot cocktails
260 _aLondon :
_bChatto & Windus,
_c2016.
300 _ap. 439;
_c22.1 Cm.
942 _2ddc
999 _c10062
_d10063